000 00781nam a2200229Ia 4500
003 OSt
005 20251219165454.0
008 220923b |||||||| |||| 00| 0 eng d
020 _a9780465003365
037 _cGeneral Book
040 _aRTL
_cRTL
_beng
041 _2eng
_aeng
084 _aY:3(S:526).73, N9
_qRTL
100 _aGlassner Barry
_9291235
245 0 _aCulture of fear: why Americans are afraid of the wrong things
_b
260 _aNew York
_bBasic Books
_c2008
300 _axxxvi, 322 p.
_bIncludes bibliographical references and index.
500 _aBibliography: p 679-723
650 _aSociology
_9858265
942 _hY:3(S:526).73, N9
_cGB
_2CC
_n0
999 _c621766
_d621766